000 00358nam a22001457a 4500
003 OSt
005 20160727222407.0
008 160624b xxu||||| |||| 00| 0 eng d
040 _cTEST
100 _9876
_aDurr, W.K
245 _aTeachers Guide for Honey Comb
260 _aBoston
_b Houghton
_c1976
300 _aTeachers Guide for Honey Comb
942 _2ddc
_cBK
999 _c693
_d693